Cien meditaciones devotísimas del amor de Dios / (Record no. 56795)

MARC details
000 -LEADER
campo de control de longitud fija 00507nam a2200169 i 4500
001 - NÚMERO DE CONTROL
campo de control 56795
003 - IDENTIFICADOR DE NÚMERO DE CONTROL
campo de control ES-MaACL
005 - FECHA Y HORA DE LA ÚLTIMA TRANSACCIÓN
campo de control 20230906163439.0
007 - CAMPO FIJO DE DESCRIPCIÓN FÍSICA--INFORMACIÓN GENERAL
campo de control de longitud fija t|
008 - DATOS DE LONGITUD FIJA--INFORMACIÓN GENERAL
campo de control de longitud fija 031013s1960 sp ||||1| spa d
100 1# - ENTRADA PRINCIPAL--NOMBRE DE PERSONA
Nombre de persona Diego de Estella.
9 (RLIN) 44559
245 10 - MENCIÓN DEL TÍTULO
Título Cien meditaciones devotísimas del amor de Dios /
Mención de responsabilidad, etc. Diego de Estella ; prólogo de Juan Meseguer.
260 ## - PUBLICACIÓN, DISTRIBUCIÓN, ETC.
Lugar de publicación, distribución, etc. Madrid :
Nombre del editor, distribuidor, etc. Cisneros,
Fecha de publicación, distribución, etc. 1960.
300 ## - DESCRIPCIÓN FÍSICA
Extensión 594 p. ;
Dimensiones 12 cm.
700 1# - ENTRADA AGREGADA--NOMBRE PERSONAL
Nombre de persona Meseguer, Juan.
9 (RLIN) 80654
852 ## - LOCALIZACIÓN
Ubicación ES-MaACL
Número de control de estantería G-9055
Sublocalización o colección R.48149
Holdings
Estatus retirado Estado de pérdida Estado de daño No para préstamo Biblioteca de origen Biblioteca actual Ubicación en estantería Fecha de adquisición Fuente de adquisición Total de préstamos Signatura topográfica completa Código de barras Visto por última vez Precio de reemplazo Tipo de ítem Koha
        Biblioteca del Ateneo de Madrid Biblioteca del Ateneo de Madrid Sala Pecera Planta 3 17/01/2008     G-9055 1059637 23/02/2023 23/02/2023 Libro impreso